Every Movie Directed by Joel Coen - Statistics

General Stats
  • This quiz has been taken 15 times
  • The average score is 14 of 21
Answer Stats
Year Film % Correct
2007 No Country for Old Men
100%
1996 Fargo
93%
1998 The Big Lebowski
93%
2000 O Brother, Where Art Thou?
87%
1991 Barton Fink
80%
1984 Blood Simple
73%
2008 Burn After Reading
73%
1987 Raising Arizona
73%
1990 Miller’s Crossing
67%
2018 The Ballad of Buster Scruggs
67%
1984 The Hudsucker Proxy
67%
2001 The Man Who Wasn’t There
67%
2010 True Grit
67%
2013 Inside Llewyn Davis
60%
2004 The Ladykillers
60%
2009 A Serious Man
53%
2016 Hail, Caesar!
53%
2003 Intolerable Cruelty
53%
2021 The Tragedy of Macbeth
53%
2006 Paris Je T’aime
40%
2007 To Each His Own Cinema
20%
No matching quizzes found
Score Distribution
Percent of People with Each Score
Percentile by Number Answered
Your Score History
You have not taken this quiz